LEADER 02305nam a2200457 i 4500 001 000000013840 003 CaOOAMICUS 005 20250505170328.0 008 180830s1965 vc u000 u und u 040 $aSeMil$bita 245 10$aInsegnamenti di Paolo 6. 260 $a[Cittā del Vaticano] :$bTipografia Poliglotta Vaticana,$cstampa 1965-1979. 300 $a17 v. + 1 CD :$britr. ;$c25 cm. 650 4$aPaolo VI - Insegnamenti.$0(OLS)http://semarc/subject/17551 700 0 $aPaulus VI,$c.$0(OLS)http://semarc/name/803 774 0 $aPaulus VI $t1963.$g1$w()46072 774 0 $t1968.$g6$w()120496 774 0 $aPaulus VI $t1966.$g4$w()123017 774 0 $aPaulus VI $t1969.$g7$w()123019 774 0 $aPaulus VI $t1971.$g9$w()123020 774 0 $aPaulus VI $t1976.$g14$w()125956 774 0 $aPaulus VI $t1978.$g16$w()125957 774 0 $aPaulus VI $t1975.$g13$w()125958 774 0 $aPaulus VI $t1977.$g15$w()125959 774 0 $aPaulus VI $t1967.$g5$w()126130 774 0 $aPaulus VI $t1964.$g2$w()141130 774 0 $aPaulus VI $t1965.$g3$w()141133 774 0 $aPaulus VI $t1970.$g8$w()141136 774 0 $aPaulus VI $t1972.$g10$w()141141 774 0 $aPaulus VI $t1973.$g11$w()141142 774 0 $aPaulus VI $t1974.$g12$w()141144 774 0 $aPaulus VI $tIndice delle materie contenute nei primi dodici volumi di Insegnamenti di Paolo 6.$g12$w()141146 774 0 $aPaulus VI $t1963-1978 ; Indice 1963-1974 ; Piccola bibliografia.$w()237824 774 0 $aPaulus VI $tInsegnamenti di Paolo 6.$d[Cittā del Vaticano] : Tipografia Poliglotta Vaticana, [1979]$w()344505 900 1 $aMontini, Giovanni Battista,$d<1897-1978>. 900 0 $aPaolo VI$c. 996 $6245$aInsegnamenti di Paolo 6$9(OLS)http://semarc/title/10096 996 $6260$a[Cittā del Vaticano] :$bTipografia Poliglotta Vaticana$9(OLS)http://semarc/publisher/32047 LEADER 01117nam a2200277 i 4500 001 000000040684 003 CaOOAMICUS 005 20240409110244.0 008 070411s1973 xx u000 u mul u 013 $a11854 040 $aSeMil$bita 100 1 $aRimbaud, Arthur <1854-1891>.$0(OLS)http://semarc/name/18280 240 10$aPoésies.$0(OLS)http://semarc/title/58551 245 10$aPoesie /$cArthur Rimbaud ; introduzione e traduzione di Gian Piero Bona. 260 $aTorino :$bGiulio Einaudi,$ccopyr. 1973. 300 $a430 p. ;$c18 cm. 490 0 $aCollezione di poesia ;$v100 500 $aContiene : Bibliografia ; Incontro con Rimbaud. - Testo originale a fronte. 700 1 $aBona, Gian Piero.$0(OLS)http://semarc/name/19921 830 0$aCollezione di poesia ;$v100.$0(OLS)http://semarc/title/7855 850 $aSeMil 852 $aSeMil$W1$xVenegono$y1$m1W I 149$j239152$B6839$CSeMilBibl$Z2$F6839 $81 961 $aOmaggio: Del Favero 996 $6245$aPoesie$9(OLS)http://semarc/title/2285 996 $6260$aTorino :$bGiulio Einaudi$9(OLS)http://semarc/publisher/29810 LEADER 01121nam a2200253 i 4500 001 000000111023 003 CaOOAMICUS 005 20030102000000.0 008 030102s1982 it u000 u ita u 013 $a83704 040 $aSeMil$bita 100 1 $aFaricy, Robert,$c.$0(OLS)http://semarc/name/16162 240 10$aChristian faith and my everyday life.$0(OLS)http://semarc/title/161473 245 10$aSono con voi ogni giorno :$bla dottrina spirituale di Teilhard de Chardin /$cRobert Faricy. 260 $aMilano :$bĀncora,$c1982. 300 $a110 p. ;$c19 cm. 500 $aContiene : Breve bibliografia. - Fondo Card. C.M. Martini. 650 4$aTeilhard de Chardin, Pierre - Spiritualitā.$0(OLS)http://semarc/subject/19786 850 $aSeMil 852 $aSeMil$W1$xVenegono$y1$m2C I 592$j66858$B66858$CSeMilBibl$Z2$F100855 $81 941 1 $a4 961 $aOmaggio: Martini Card. Carlo Maria 996 $6245$aSono con voi ogni giorno :$bla dottrina spirituale di Teilhard de Chardin$9(OLS)http://semarc/title/161472 996 $6260$aMilano :$bĀncora$9(OLS)http://semarc/publisher/29763 LEADER 01215nam a2200289 i 4500 001 000000155892 003 CaOOAMICUS 005 20061122000000.0 008 061122s2006 it u000 u ita u 013 $a133246 020 $a88-315-3140-9 040 $aSeMil$bita 100 1 $aBorgonovo, Gianantonio,$d<1955- >.$0(OLS)http://semarc/name/2594 245 13$aIl mondo della Bibbia /$cGianantonio Borgonovo - Primo Gironi ; Fotografie di Roberto Di Diodato. 260 $aMilano :$bPaoline,$c2006. 300 $a171 p. :$bricc. ill. ;$c31 cm. 490 0 $aImmagini e parole ;$v12 650 4$aBibbia.$0(OLS)http://semarc/subject/3206 700 1 $aDi Diodato, Roberto.$0(OLS)http://semarc/name/60961 700 1 $aGironi, Primo.$0(OLS)http://semarc/name/43058 830 0$aImmagini e parole ;$v12.$0(OLS)http://semarc/title/22420 850 $aSeMil 852 $aSeMil$W1$xVenegono$y1$m2.SOVR III 22$j268759$B107718$CSeMilBibl$Z2$F117452 $81 961 $aOmaggio: Borgonovo don Gianantonio 996 $6020$a88-315-3140-9$9(OLS)http://semarc/number/145999 996 $6245$aIl mondo della Bibbia$9(OLS)http://semarc/title/195618 996 $6260$aMilano :$bPaoline$9(OLS)http://semarc/publisher/29684